000 01525 a2200277 4500
003 OSt
005 20260129102041.0
008 120419t xxu||||| |||| 00| 0 eng d
020 _a3823855824 (hardcover)
020 _a9783823855828 (hardcover)
040 _c0
082 0 4 _a720.92
100 1 _aCuito, Aurora.
_932648
245 1 0 _aRem koolhaas :
_boma /
_cAurora Cuito.
260 _aNew york:
_bTe Neues Publishing Company,
_c2002.
300 _a80 p. :
_bill;.
_c23 cm.
490 1 _aArchipockets.
520 _aRem Koolhaas (Rotterdam,1944) studied architecture at the AA in London--where he went on to become a lecturer--and at the IAUS in New York, during Peter Eisenman's time there. Koolhaas has always been connected with the theory of architecture, as lecturer at the innovative AA, as a speaker, and with his published work: Delirious New York, a retrospective manifesto for Manhattan (1978) and the recent S, M, L, XL (1995). In 1972 Koolhaas set up the OMA (Office for Metropolitan Architecture), whose name clearly expresses the planning intentions of the team, comprising Koolhaas, Elia and Zoe Zenghelis, and Madelon Vriessendorp.
600 _aKoolhaas, Rem
_931892
650 0 _aArchitecture
_zNetherlands
_932649
650 0 _aArchitecture, Modern
_932028
830 0 _aArchipockets.
_932650
856 4 0 _3Amazon.com
_uhttp://www.amazon.com/exec/obidos/ASIN/3823855824/chopaconline-20
942 _aSADA
_cBK
_k720.92 CUI 2002
_2ddc
999 _c352463
_d352463